La educación física en el ciclo preescolar

Furkejuvvon:
Bibliográfalaš dieđut
Váldodahkki: Villá de Cardozo, Susana (Dahkki)
Materiálatiipa: Girji
Giella:espánnjágiella
Almmustuhtton: Buenos Aires Nubef 1966
Fáttát:
Fáddágilkorat: Lasit fáddágilkoriid
Eai fáddágilkorat, Lasit vuosttaš fáddágilkora!

MARC

LEADER 00000nam a2200000 a 4500
001 UCY9401
003 CL-VaPUC
008 950717e19660000AG |||||||||||||||||spa|d
082 0 4 |a 372.86  |b VIL  |2 21 
100 0 |a Villá de Cardozo, Susana  |e author  |9 341533 
245 1 3 |a La educación física en el ciclo preescolar 
300 |a 240 p 
942 |c BK 
945 |d 19950717 00:00:00  |a mfernand 
260 |a Buenos Aires  |b Nubef  |c 1966 
650 0 |a Educación física  |9 240893 
650 0 |a Educación preescolar  |9 260381 
650 0 |a Niños de edad preescolar  |9 335607 
650 7 |a JARDIN INFANTIL  |2 CL-VaPUC  |9 308724 
650 7 |a GIMNASIA  |2 CL-VaPUC  |9 307275 
650 7 |a JUEGO METODO DE ENSEÑANZA  |2 CL-VaPUC  |9 338389 
650 0 |a Juegos educativos  |9 307366 
583 |a last modification  |c 19950717 00:00:00  |k Rodrigo Vera 
999 |c 236499  |d 236497 
952 |0 0  |1 0  |4 0  |6 372_860000000000000_VIL_1966  |7 0  |8 P  |9 244624  |a BIBEDU  |b BIBEDU  |c BIBEDU_PB  |d 2019-11-18  |i 1536214  |o 372.86 VIL 1966  |p 1536214  |r 2024-01-25  |w 2019-11-18  |y BK  |k EDU